Sigourney Weaver Movies - Statistics

General Stats
  • This quiz has been taken 61 times
  • The average score is 6 of 12
Answer Stats
Description Movie % Correct
Group of space travelers are terrorized by a horrible creature aboard their spacecraft Alien
93%
Paranormal exterminators battle a marshmallow man Ghostbusters
91%
In the pursuit of precious unobtainium, humans devastate a moon inhabited by noble blue aliens Avatar
78%
The true story of Dian Fossey and her effort to protect endangered mountain gorillas in Rwanda Gorillas in the Mist
71%
Secretary uses her ingenuity and ambition to become a respected businesswoman and finds love in the process Working Girl
51%
Lonely robot embarks on a journey to save humanity WALL-E
49%
The true story about the voyage of Christopher Columbus and his exploration of the New World 1492: Conquest of Paradise
40%
Cancelled TV show cast are recruited by an alien race to save their planet, learning to work together as a team in the process Galaxy Quest
38%
Temporary employee at the White House is mistaken for the President and has to fill in for him Dave
31%
In 1973 Connecticut, two families' lives are forever changed by a devastating winter storm The Ice Storm
31%
College students unwittingly unleash a mysterious evil while staying in a remote shelter The Cabin in the Woods
16%
Woman discovers that her brother is marrying her high school arch-enemy You Again
13%
No matching quizzes found
Score Distribution
Percent of People with Each Score
Percentile by Number Answered
Your Score History
You have not taken this quiz